000 00426nam a22001457a 4500
020 _a0750650931
040 _cNUST
082 _a629.23
_bINT
100 _aLjubo Vlacic, Michel Parent
_9125192
110 _aFumio Harashima
_9125193
245 _aIntelligent Vehicle Technologies
_bTheory and Applications
260 _aIndia:
_bLibrary of congress,
_c2001.
650 _2Intelligent Vehicle Technologies
942 _2ddc
_cBK
999 _c610972
_d610972